|
|
|
|
| LEADER |
01059nam a2200289 a 4500 |
| 001 |
28980 |
| 003 |
BD-DhAAL |
| 005 |
20150314112041.0 |
| 008 |
150414s1994 ja b 000 0 eng d |
| 010 |
|
|
|a 95184898
|
| 020 |
|
|
|a 9280808559
|
| 040 |
|
|
|a DAU
|c DAU
|d DLC
|d BD-DhAAL
|
| 050 |
0 |
0 |
|a JX4001
|b .G58 1994
|
| 082 |
|
|
|2 22
|a 320.1
|
| 245 |
0 |
0 |
|a Global transformation :
|b challenges to the state system /
|c edited by Yoshikazu Sakamoto.
|
| 260 |
|
|
|a Tokyo ;
|a New York :
|b United Nations University Press,
|c c1994.
|
| 300 |
|
|
|a xiii, 506 p. ;
|c 24 cm.
|
| 504 |
|
|
|a Includes bibliographical references.
|
| 541 |
|
|
|e 28980
|
| 650 |
|
0 |
|a State, The.
|9 9537
|
| 650 |
|
0 |
|a International relations.
|9 9538
|
| 650 |
|
0 |
|a International cooperation.
|9 9539
|
| 650 |
|
0 |
|a Democracy.
|9 9540
|
| 700 |
1 |
|
|a Sakamoto, Yoshikazu.
|9 9541
|
| 942 |
|
|
|2 ddc
|c BK
|
| 999 |
|
|
|c 34010
|d 34010
|
| 952 |
|
|
|0 0
|1 0
|2 ddc
|4 0
|6 320_100000000000000_GLO
|7 0
|9 53080
|a BRACUL
|b BRACUL
|c GEN
|d 2015-03-14
|e Donated by Professor Anisur Rahman from PPDM
|l 0
|o 320.1 GLO
|p 3010028980
|r 2015-03-14
|t 1
|w 2015-03-14
|y BK
|